00704 2200241 4500001002100000005001700021008004100038035002400079082002000103090002500123245010700148250001100255260002900266300002400295500002700319500001100346650003900357850001500396980001500411985000600426999001500432999001500447YOGYA-0209000002263720090227023705.0 ind  0010-020900000022637 a303.340 959 844 a303.340 959 844bSis aSISTEM kesatuan hidup setempat daerah Kalimantan Selatanctim penulis naskah Yustan Aziddin...[et.al.] aCet. 1 aJakartabDepdikbudc1983 avii, 192 hlmc21 cm aBibliografi : hlm. 188 aIndeks aGotong Royong - Kalimantan Selatan aYOPDYOG(b) a01-22-2007 a2 a06A0014006 a06A0014007